000 01001 a2200241 4500
003 Nust
005 20221213093140.0
010 _a 98006553
020 _a089006895X
040 _cNust
082 0 0 _a530.141, PAL
245 0 0 _aIterative and self-adaptive finite-elements in electromagnetic modeling /
_cMagdalena Salazar-Palma .
260 _aBoston :
_bArtech House,
_cc1998.
300 _axxxvii, 770 p. :
_bill. ;
_c24 cm.
440 0 _aArtech House antenna library
_997013
505 _aIntroduction (Page-1), The finite Element Method (Page-25), Application of the finite element Method (Page-145), Self Adaptive (Page-247), Additional Examples (Page-291), Application Finite Elements (Page-337), Finite Element Analysis (Page-401).
650 0 _aElectromagnetism
_xMathematics.
_92849
650 0 _aFinite element method.
650 0 _aIterative methods (Mathematics)
_994001
650 0 _aNumerical analysis.
_9103
700 2 _aSalazar-Palma, Magdalena.
_9104688
942 _2ddc
_cBK
999 _c180847
_d180847